| 000 | 00502 a2200181 4500 | ||
|---|---|---|---|
| 003 | OSt | ||
| 005 | 20231102134557.0 | ||
| 008 | 231102b |||||||| |||| 00| 0 eng d | ||
| 020 | _a9789380081618 | ||
| 040 | _coclc | ||
| 082 |
_a954.83 _bKUT/T |
||
| 100 |
_aKuttu, V K _99801 |
||
| 245 |
_aThalassery: Oru Muslim Charithram / _cV K Kuttu |
||
| 250 | _a2nd ed. | ||
| 260 |
_aKerala: _bOther Books, _c2014. |
||
| 300 | _a120 p | ||
| 942 |
_2ddc _cBK _h954.83 _iKUT/T _k954.83 _mKUT/T |
||
| 999 |
_c42744 _d42744 |
||